00465caa a22001812a 4500001000900000003001100009008004700020092001500067100002500082245005300107245002700160300001000187440002300197260001600220650002300236942000900259999001500268 000161 AR-FADEU 311216n############xxu####################dd aPP(330)NOV aSturzenegger, Adolfo bLa economía argentina es básicamente estable aNovedades económicas a15-17 vedición especial cmay de 1994 aECONOMIA ARGENTINA cPPGR c2939d2939